Paul Hogan Filmography - Statistics

General Stats
  • This quiz has been taken 6 times
  • The average score is 7 of 26
Answer Stats
Type Year Name % Correct
Film 1986 Crocodile Dundee
100%
Short Film 2018 Tourism Australia: Dundee - The Son of a Legend Returns Home
100%
Film 1988 Crocodile Dundee II
80%
TV Show 1973-1984 The Paul Hogan Show
80%
Award Show 1987 The 59th Annual Academy Awards
60%
Film 1990 Almost an Angel
40%
TV Mini-Series 1985 Anzacs
40%
Film 2009 Charlie & Boots
40%
Film 2001 Crocodile Dundee in Los Angeles
40%
Film 1994 Lightning Jack
40%
Film 1996 Flipper
20%
Commercial 1986 Foster's Beer
20%
TV Special 1983 Paul Hogan's England
20%
Film 2004 Strange Bedfellows
20%
Commercial 1995 Subaru Outback
20%
Film 2020 The Very Excellent Mr. Dundee
20%
Documentary Series 2019 Australian Story
0%
TV Film 1998 Floating Away
0%
TV Documentary 2014 Hanging with Hoges
0%
TV Special 1975 Hogan in London
0%
Commercial 2020 Hotel Brunswick Classic Brew
0%
TV Show 2015 Open Slather
0%
Film 2018 That's Not My Dog!
0%
TV Show 1980, 1982, 1983 The Don Lane Show
0%
TV Special 2022 The Roast of Paul Hogan
0%
TV Show 1986, 1990 The Tonight Show Starring Johnny Carson
0%
No matching quizzes found
Score Distribution
Percent of People with Each Score
Percentile by Number Answered
Your Score History
You have not taken this quiz